000 01199nam1a2200301 i 4500
001 RU\NLR\bibl\811579
005 20260406112508.0
035 _a(NLR Aleph) 000800640
090 _a1179011
_c1179011
100 _a20050621g20059999d y0rusy50 ca
101 0 _arus
102 _aRU
105 _a||||z |||||
200 1 _aТетрадь по математике ... для 5 класса общеобразовательной школы
_fИстомина Н.Б., Воителева Г.В.
210 _aСмоленск
_cАссоциация XXI век
_d2005
215 _d21
463 0 _1001807520
463 0 _1001807513
606 _aНатуральные числа
_jРабочие тетради для средней школы
_92143811
_3RU\NLR\auth\661291814
686 _aВ140я721-4
700 1 _4070
_7ca
_8rus
_aИстомина
_bН. Б.
_cд-р пед. наук
_f1941-2020
_gНаталия Борисовна
_9110180
_3RU\NLR\AUTH\7778
701 1 _aВоителева
_bГ. В.
_gГалина Викторовна
_4070
801 0 _aRU
_bNLR
_c20050621
_grcr
801 1 _aRU
_bNLR
_c20050621
830 _aпо кн
852 _aNLR
_j2005-6/890
942 _cBOOK